[Event "European Blitz 2017"]
[Site "Katowice POL"]
[Date "2017.12.15"]
[Round "4.26"]
[White "Alekseev, Evgeny"]
[Black "Nun, Grzegorz"]
[Result "1-0"]
[WhiteTitle "GM"]
[WhiteElo "2616"]
[BlackElo "1868"]
[WhiteFideId "4138147"]
[BlackFideId "1124218"]
[EventDate "2017.12.15"]
[EventType "blitz"]

1. Nf3 d5 2. e3 Nf6 3. c4 e6 4. b3 b6 5. Bb2 Bb7 6. Nc3 Be7 7. cxd5 exd5 8. d4
O-O 9. Bd3 c5 10. O-O Nc6 11. dxc5 bxc5 12. Na4 Rc8 13. Rc1 Nb4 14. Bf5 Rc6 15.
a3 Na6 16. Qc2 g6 17. Bh3 c4 18. b4 Nc7 19. Rfd1 a5 20. Nd4 Rd6 21. b5 Na8 22.
Nc3 Nb6 23. Na4 Nfd7 24. Nxb6 Nxb6 25. Bc3 Qa8 26. Ne2 Bf6 27. Bxf6 Rxf6 28. Rd4
a4 29. Nc3 Re8 30. Rcd1 Re5 31. g3 Kg7 32. Bg2 Qa5 33. Qb2 Ref5 34. f4 Re6 35.
Kf2 Rff6 36. Qb4 Qa8 37. Bf3 h5 38. Qb2 Qa5 39. Qd2 Re8 40. Nxd5 Qxd2+ 41. R1xd2
Nxd5 42. Bxd5 c3 43. Rc2 Bxd5 44. Rxd5 Rfe6 45. Rxc3 Rb8 46. Kf3 1-0

[Event "European Blitz 2017"]
[Site "Katowice POL"]
[Date "2017.12.15"]
[Round "4.27"]
[White "Szmyd, Arkadiusz"]
[Black "Zwardon, Vojtech"]
[Result "0-1"]
[BlackTitle "IM"]
[WhiteElo "2101"]
[BlackElo "2408"]
[WhiteFideId "1124730"]
[BlackFideId "325511"]
[EventDate "2017.12.15"]
[EventType "blitz"]

1. e4 c5 2. Nf3 Nc6 3. d4 cxd4 4. Nxd4 g6 5. c4 Bg7 6. Nc2 Nf6 7. Nc3 a6 8. Be2
b5 9. cxb5 axb5 10. Bxb5 Nxe4 11. Nxe4 Qa5+ 12. Nc3 Bxc3+ 13. bxc3 Qxb5 14. Qe2
Qa4 15. O-O Ba6 16. Qd2 Bxf1 17. Kxf1 Qc4+ 18. Kg1 Rxa2 19. Rxa2 Qxa2 20. h3 O-O
21. Kh2 d5 22. Qd3 Ne5 23. Qe2 f6 24. Bh6 Rc8 25. f4 Rxc3 26. fxe5 Rxc2 27. Qg4
f5 28. Qg5 Qa7 29. h4 Qf2 30. h5 Rc4 31. Kh3 Rg4 32. Qxe7 Qxg2# 0-1

[Event "European Blitz 2017"]
[Site "Katowice POL"]
[Date "2017.12.15"]
[Round "4.29"]
[White "Bosiocic, Marin"]
[Black "Jaracz, Barbara"]
[Result "1-0"]
[WhiteTitle "GM"]
[BlackTitle "WGM"]
[WhiteElo "2624"]
[BlackElo "2245"]
[WhiteFideId "14507927"]
[BlackFideId "1107453"]
[EventDate "2017.12.15"]
[EventType "blitz"]

1. d4 Nf6 2. Bg5 d5 3. e3 g6 4. Bxf6 exf6 5. c4 dxc4 6. Bxc4 Bg7 7. Nc3 O-O 8.
Nge2 f5 9. h4 c6 10. h5 Qe7 11. hxg6 hxg6 12. Nf4 Qd6 13. Qf3 Nd7 14. Qh3 Re8
15. O-O-O b5 16. Bb3 a5 17. d5 c5 18. Nxb5 Qb6 19. d6 c4 20. Bxc4 Ne5 21. Be2
Bd7 22. Rd5 Bxb5 23. Bxb5 Rac8+ 24. Kb1 Red8 25. Rxe5 Bxe5 26. Qh7+ Kf8 27.
Nxg6+ fxg6 28. Qe7+ Kg8 29. Qxe5 1-0

[Event "European Blitz 2017"]
[Site "Katowice POL"]
[Date "2017.12.15"]
[Round "4.31"]
[White "Klekowski, Maciej"]
[Black "Szyszylo, Rafal"]
[Result "1-0"]
[WhiteTitle "IM"]
[WhiteElo "2498"]
[BlackElo "2236"]
[WhiteFideId "1132717"]
[BlackFideId "1109626"]
[EventDate "2017.12.15"]
[EventType "blitz"]

1. c4 g6 2. Nc3 Bg7 3. g3 d6 4. Bg2 Nf6 5. e4 O-O 6. Nge2 e5 7. O-O Be6 8. d3 c6
9. h3 Qd7 10. Kh2 h6 11. f4 Nh7 12. Be3 Na6 13. Qd2 h5 14. Rad1 Nc7 15. b3 a5
16. d4 Qe7 17. fxe5 dxe5 18. d5 cxd5 19. exd5 Rfd8 20. d6 Qe8 21. Bb6 Rac8 22.
Qe3 Na8 23. Bxd8 Rxd8 24. Bxb7 Bxh3 25. Kxh3 Qd7+ 26. Kh2 Qxb7 27. c5 Qc6 28.
Nd5 Bf8 29. Qf3 Qd7 30. c6 1-0

[Event "European Blitz 2017"]
[Site "Katowice POL"]
[Date "2017.12.15"]
[Round "4.32"]
[White "Samborski, Henryk"]
[Black "Kovalev, Denis"]
[Result "0-1"]
[BlackTitle "IM"]
[WhiteElo "2078"]
[BlackElo "2504"]
[WhiteFideId "1103849"]
[BlackFideId "14104059"]
[EventDate "2017.12.15"]
[EventType "blitz"]

1. e4 c6 2. Nc3 d5 3. Nf3 Bg4 4. h3 Bh5 5. exd5 cxd5 6. d4 Nc6 7. Be2 e6 8. Bf4
Nf6 9. Ne5 Bxe2 10. Nxe2 Bd6 11. c3 Qc7 12. Nd3 O-O 13. O-O Bxf4 14. Nexf4 b5
15. a3 a5 16. Nh5 Nxh5 17. Qxh5 b4 18. f4 bxc3 19. bxc3 Ne7 20. Nc5 Rab8 21. Na6
Qxc3 22. Nxb8 Qxd4+ 23. Kh1 Rxb8 24. Rab1 Rc8 25. Qf3 g6 26. Rbc1 Rc4 27. g3 Nf5
28. Rb1 h5 29. Rfd1 Qc5 30. Rd3 Rc2 31. g4 Rf2 32. Qd1 Qc4 33. Rf3 Qe4 34. Rb3
Nd4 35. Re3 Nxf3 0-1

[Event "European Blitz 2017"]
[Site "Katowice POL"]
[Date "2017.12.15"]
[Round "4.33"]
[White "Mohr, Georg"]
[Black "Kelmendi, Arsim"]
[Result "1-0"]
[WhiteTitle "GM"]
[WhiteElo "2473"]
[BlackElo "2097"]
[WhiteFideId "14600013"]
[BlackFideId "22100261"]
[EventDate "2017.12.15"]
[EventType "blitz"]

1. e4 c5 2. Nf3 e6 3. d3 Nc6 4. Nbd2 g6 5. g3 Bg7 6. Bg2 b6 7. O-O Bb7 8. Re1
Nge7 9. c3 O-O 10. e5 d5 11. Nf1 d4 12. c4 Qc7 13. Bf4 Rad8 14. h4 Nf5 15. N1h2
Bh6 16. Bxh6 Nxh6 17. Qd2 Kg7 18. Qf4 Ng8 19. h5 Rd7 20. Ng4 h6 21. Nf6 Kh8 22.
Nxd7 Qxd7 23. hxg6 Kg7 1-0

[Event "European Blitz 2017"]
[Site "Katowice POL"]
[Date "2017.12.15"]
[Round "4.34"]
[White "Cech, Dominik"]
[Black "Trent, Lawrence"]
[Result "0-1"]
[BlackTitle "IM"]
[WhiteElo "2156"]
[BlackElo "2436"]
[WhiteFideId "14908212"]
[BlackFideId "408638"]
[EventDate "2017.12.15"]
[EventType "blitz"]

1. e4 c5 2. Nf3 d6 3. d4 cxd4 4. Nxd4 Nf6 5. Nc3 g6 6. Be3 a6 7. f3 Nbd7 8. Qd2
b5 9. a4 b4 10. Na2 e5 11. Nc6 Qc7 12. Ncxb4 a5 13. Nd5 Nxd5 14. Qxd5 Bb7 15.
Qc4 Nc5 16. Nc3 Be7 17. Nb5 Qb8 18. Bh6 Ra6 19. Be2 Rc6 20. Qa2 Ne6 21. c3 Bh4+
22. g3 Bg5 23. Bxg5 Nxg5 24. O-O O-O 25. Bc4 Bc8 26. Rad1 Kg7 27. Bd5 Rc5 28. c4
f5 29. Qb3 fxe4 30. fxe4 Bg4 31. Rd3 Be2 32. Rxf8 Qxf8 33. Rd1 Nh3+ 34. Kh1 Bxd1 0-1

[Event "European Blitz 2017"]
[Site "Katowice POL"]
[Date "2017.12.15"]
[Round "4.35"]
[White "Castellanos Rodriguez, Renier"]
[Black "Eigminas, Kipras"]
[Result "1-0"]
[WhiteTitle "IM"]
[WhiteElo "2501"]
[BlackElo "1958"]
[WhiteFideId "3404650"]
[BlackFideId "12808423"]
[EventDate "2017.12.15"]
[EventType "blitz"]

1. d4 Nf6 2. Nf3 e6 3. Bf4 c5 4. e3 Nc6 5. c3 b6 6. Nbd2 Bb7 7. Bd3 d5 8. Ne5
Nxe5 9. dxe5 Nd7 10. O-O Qc7 11. Nf3 c4 12. Bc2 Nc5 13. Nd4 a6 14. b4 cxb3 15.
axb3 Nd7 16. Qg4 h6 17. Rfc1 g5 18. Bg3 Be7 19. Nxe6 fxe6 20. Qxe6 Nc5 21. Qg6+
Kd8 22. c4 dxc4 23. Bf5 Qc6 24. Rd1+ Kc7 25. e6+ Kc8 26. e4 Nxe4 27. Qg7 Nxg3
28. Qxh8+ Bd8 1-0

[Event "European Blitz 2017"]
[Site "Katowice POL"]
[Date "2017.12.15"]
[Round "4.36"]
[White "Bossy, Arnim"]
[Black "Aleksandrov, Aleksej"]
[Result "0-1"]
[BlackTitle "GM"]
[WhiteElo "2181"]
[BlackElo "2589"]
[WhiteFideId "4669100"]
[BlackFideId "13500139"]
[EventDate "2017.12.15"]
[EventType "blitz"]

1. d4 Nf6 2. Bg5 Ne4 3. Bf4 c5 4. d5 Qa5+ 5. c3 e6 6. f3 Nf6 7. e4 exd5 8. exd5
d6 9. Qd2 Be7 10. c4 Qd8 11. Nc3 O-O 12. Bd3 Nbd7 13. b3 Ne5 14. Bc2 Re8 15.
Nge2 Nh5 16. Be3 Bh4+ 17. Bf2 Bxf2+ 18. Kxf2 Qh4+ 19. g3 Qf6 20. Be4 Bf5 21.
Bxf5 Qxf5 22. f4 Ng4+ 23. Kg2 Ne3+ 24. Kf3 Qg4+ 25. Kf2 Qh3 26. Rag1 Re7 27. Nd1
Ng4+ 28. Kf3 Rae8 0-1

[Event "European Blitz 2017"]
[Site "Katowice POL"]
[Date "2017.12.15"]
[Round "4.37"]
[White "Moskalenko, Alexander"]
[Black "Roenko, Artur"]
[Result "1-0"]
[WhiteTitle "IM"]
[WhiteElo "2522"]
[BlackElo "2167"]
[WhiteFideId "4155351"]
[BlackFideId "14136732"]
[EventDate "2017.12.15"]
[EventType "blitz"]

1. e4 e6 2. d4 d5 3. exd5 exd5 4. Nf3 Bd6 5. Bd3 Ne7 6. O-O Nbc6 7. c3 Bf5 8.
Bxf5 Nxf5 9. Qb3 Nfe7 10. Qxb7 O-O 11. Qa6 Rb8 12. Nbd2 Qd7 13. Re1 Ng6 14. Nb3
Rb6 15. Qd3 Qg4 16. h3 Qh5 17. Nc5 Rd8 18. b4 Rbb8 19. Bd2 h6 20. a4 Nce7 21.
Nh2 Bf4 22. Bxf4 Nxf4 23. Qf3 Qg5 24. Rxe7 Nxh3+ 25. Qxh3 Qxe7 26. Nf3 Qe2 27.
Qf5 Re8 28. Qd3 Qb2 29. Rb1 Qa2 30. Ne5 Rbd8 31. Rc1 f6 32. Ng4 Qb2 1-0

[Event "European Blitz 2017"]
[Site "Katowice POL"]
[Date "2017.12.15"]
[Round "4.38"]
[White "Haase, Pavel"]
[Black "Kovalev, Vladislav"]
[Result "0-1"]
[BlackTitle "GM"]
[WhiteElo "2195"]
[BlackElo "2639"]
[WhiteFideId "360392"]
[BlackFideId "13504398"]
[EventDate "2017.12.15"]
[EventType "blitz"]

1. Nf3 Nf6 2. d4 g6 3. c4 Bg7 4. Nc3 O-O 5. e4 d6 6. Be2 e5 7. O-O exd4 8. Nxd4
Re8 9. f3 c6 10. Be3 Nbd7 11. Bf2 Ne5 12. Rc1 a6 13. h3 Nh5 14. Qd2 Qf6 15. Be3
Ng3 16. Bg5 Nxc4 17. Bxf6 Nxd2 18. Bxg7 Ndxf1 19. Bh6 c5 20. Nc2 Nxe2+ 21. Nxe2
d5 22. Kxf1 dxe4 23. fxe4 Rxe4 24. Be3 b6 25. Nc3 Re5 26. Rd1 Bf5 27. Bf4 Bxc2
28. Bxe5 Bxd1 29. Nxd1 Rd8 30. Nc3 Rd2 31. Na4 b5 32. Nb6 f5 33. Bc3 Rd6 34. Nc8
Re6 35. Na7 Kf7 36. b3 Ke7 37. a4 b4 38. Bd2 Kd7 39. Bf4 Re8 0-1

[Event "European Blitz 2017"]
[Site "Katowice POL"]
[Date "2017.12.15"]
[Round "4.39"]
[White "Tari, Aryan"]
[Black "Blaho, Stefan"]
[Result "1-0"]
[WhiteTitle "GM"]
[WhiteElo "2593"]
[BlackElo "2029"]
[WhiteFideId "1510045"]
[BlackFideId "14901250"]
[EventDate "2017.12.15"]
[EventType "blitz"]

1. e3 d5 2. Nf3 Nf6 3. c4 c6 4. Nc3 Bg4 5. cxd5 cxd5 6. Qb3 Bc8 7. Bb5+ Nc6 8.
Ne5 Qd6 9. d4 e6 10. Bd2 Be7 11. Qa4 Bd7 12. Nxd7 Nxd7 13. O-O O-O 14. Rfc1 Rfc8
15. a3 Nb6 16. Qd1 Na5 17. Ne4 dxe4 18. Bxa5 Qd5 19. Qe2 Bd6 20. Bb4 Rxc1+ 21.
Rxc1 Rc8 22. Rxc8+ Nxc8 23. Qc2 Ne7 24. Bxd6 Qxd6 25. Qxe4 Qc7 26. Bf1 Nd5 27.
Qd3 Qc1 28. Qc4 Qxc4 29. Bxc4 Nb6 30. Be2 Na4 31. b3 Nc3 32. Bd3 b6 33. e4 a5
34. f3 Na2 35. Kf2 Nc1 36. Bc2 Na2 37. Ke3 Nc3 38. Bd3 b5 39. d5 e5 40. d6 Kf8
41. Kd2 b4 42. Bc4 Ke8 43. Kd3 Nd1 44. Bb5+ Kd8 45. axb4 axb4 46. Kc4 Ne3+ 47.
Kxb4 Nxg2 48. Kc5 Ne1 49. Be2 Nc2 50. b4 Nd4 51. Bc4 1-0

[Event "European Blitz 2017"]
[Site "Katowice POL"]
[Date "2017.12.15"]
[Round "4.40"]
[White "Olsen, Filip Boe"]
[Black "Mikhalchishin, Adrian"]
[Result "1-0"]
[WhiteTitle "FM"]
[BlackTitle "GM"]
[WhiteElo "2294"]
[BlackElo "2479"]
[WhiteFideId "1440640"]
[BlackFideId "14602385"]
[EventDate "2017.12.15"]
[EventType "swiss"]

1. d4 d5 2. c4 dxc4 3. Nf3 c5 4. dxc5 Qxd1+ 5. Kxd1 Nf6 6. Nbd2 c3 7. bxc3 Na6
8. c6 bxc6 9. e3 Nc5 10. Ne5 Nfe4 11. Nxe4 Nxe4 12. Ke1 Nxc3 13. Nxc6 e6 14. Bb2
Na4 15. Bd4 Bd7 16. Bb5 Nb6 17. Nxa7 Bb4+ 18. Kd1 Nd5 19. Bxd7+ Kxd7 20. Nb5
Rhb8 21. a4 f6 22. Ke2 e5 23. Bb2 Rc8 24. Rhc1 Rxc1 25. Bxc1 Nb6 26. Bd2 Bxd2
27. Kxd2 Rxa4 28. Rxa4 1-0

[Event "European Blitz 2017"]
[Site "Katowice POL"]
[Date "2017.12.15"]
[Round "4.41"]
[White "Manik, Mikulas"]
[Black "Wozniak, Mariola"]
[Result "1-0"]
[WhiteTitle "GM"]
[BlackTitle "WIM"]
[WhiteElo "2415"]
[BlackElo "2170"]
[WhiteFideId "14900734"]
[BlackFideId "1152050"]
[EventDate "2017.12.15"]
[EventType "blitz"]

1. e4 c5 2. Nf3 d6 3. d4 cxd4 4. Nxd4 Nf6 5. Nc3 a6 6. h3 e5 7. Nde2 b5 8. g4
Bb7 9. Bg2 Be7 10. Ng3 h6 11. Nf5 O-O 12. h4 b4 13. Nd5 Nxd5 14. exd5 Nd7 15. g5
Rc8 16. Rg1 h5 17. Qxh5 Rxc2 18. Be4 Rc4 19. Nxe7+ 1-0

[Event "European Blitz 2017"]
[Site "Katowice POL"]
[Date "2017.12.15"]
[Round "4.42"]
[White "Bajerlein, Dawid"]
[Black "Jaracz, Pawel"]
[Result "0-1"]
[BlackTitle "GM"]
[WhiteElo "2055"]
[BlackElo "2465"]
[WhiteFideId "1133721"]
[BlackFideId "1102222"]
[EventDate "2017.12.15"]
[EventType "blitz"]

1. d4 d5 2. c4 c6 3. cxd5 cxd5 4. Nc3 Nf6 5. Nf3 Nc6 6. Bf4 Nh5 7. Bg3 e6 8. e3
Nxg3 9. hxg3 Bd6 10. Rc1 O-O 11. Bd3 g6 12. Bb1 Re8 13. a3 Bf8 14. Qd3 Bg7 15.
Ke2 b6 16. b4 a5 17. b5 Ne7 18. Rh2 Nf5 19. Rch1 h5 20. Kd2 Bd7 21. Ne2 Rc8 22.
Nf4 Rc4 23. Nh4 Bxb5 24. Nxf5 exf5 25. a4 Rxd4 26. axb5 Rxd3+ 27. Bxd3 d4 28.
Rc1 dxe3+ 29. fxe3 Qe7 30. Nd5 Qe5 31. Bc4 Qxg3 32. Rhh1 Qxg2+ 33. Kd3 Rd8 34.
Rhg1 Rxd5+ 35. Bxd5 Qxd5+ 36. Ke2 Qxb5+ 37. Kf3 a4 38. Rc8+ Kh7 39. Rgc1 Qd5+
40. Ke2 a3 41. Rd1 Qg2+ 42. Kd3 a2 0-1

[Event "European Blitz 2017"]
[Site "Katowice POL"]
[Date "2017.12.15"]
[Round "4.43"]
[White "Miton, Kamil"]
[Black "Baliasnyj, Timur"]
[Result "1-0"]
[WhiteTitle "GM"]
[WhiteElo "2584"]
[BlackElo "2220"]
[WhiteFideId "1111914"]
[BlackFideId "12802719"]
[EventDate "2017.12.15"]
[EventType "blitz"]

1. d4 Nf6 2. c4 c5 3. d5 b5 4. Nd2 bxc4 5. e4 d6 6. Bxc4 g6 7. Ngf3 Bg7 8. O-O
O-O 9. h3 Nfd7 10. Rb1 Ne5 11. Nxe5 Bxe5 12. Re1 Nd7 13. b3 a5 14. a4 Bg7 15.
Bb5 Ba6 16. Bxa6 Rxa6 17. Nc4 Ne5 18. Bd2 Qa8 19. f4 Nxc4 20. bxc4 Rb8 21. Rb5
Rxb5 22. cxb5 Ra7 23. Qb3 Rd7 24. Qc4 Rd8 25. Rb1 Re8 26. b6 Qb7 27. Bxa5 e6 28.
Bd2 exd5 29. Qxd5 Qa6 1-0

[Event "European Blitz 2017"]
[Site "Katowice POL"]
[Date "2017.12.15"]
[Round "4.44"]
[White "Zukauskas, Arnas Povilas"]
[Black "Piorun, Kacper"]
[Result "0-1"]
[BlackTitle "GM"]
[WhiteElo "2082"]
[BlackElo "2651"]
[WhiteFideId "12808180"]
[BlackFideId "1130420"]
[EventDate "2017.12.15"]
[EventType "blitz"]

1. e4 e6 2. d3 d5 3. Nd2 c5 4. g3 Nc6 5. Bg2 Nf6 6. Ngf3 g6 7. O-O Bg7 8. Qe2
O-O 9. c3 a5 10. e5 Nd7 11. d4 a4 12. Rd1 b6 13. Nf1 Ba6 14. Qe1 f6 15. exf6
Qxf6 16. Bg5 Qf7 17. Bf4 h6 18. Ne3 Kh8 19. Ng4 Rae8 20. Nxh6 Qe7 21. Ng4 Bc8
22. Nfe5 Ncxe5 23. Nxe5 Qf6 24. Nxd7 Bxd7 25. Be5 Qf5 26. f4 Bxe5 27. Qxe5+ Qxe5
28. fxe5 Kg7 29. Rf1 Rxf1+ 30. Rxf1 cxd4 31. cxd4 Rc8 32. Bf3 Rc4 33. Rd1 Rc2
34. h4 Rxb2 35. h5 gxh5 36. Bxh5 Rxa2 37. Rf1 a3 38. g4 Bb5 39. Rf6 Rb2 40. g5
a2 41. Rf7+ Kg8 42. Ra7 Rb1+ 0-1

[Event "European Blitz 2017"]
[Site "Katowice POL"]
[Date "2017.12.15"]
[Round "4.46"]
[White "Andrejczuk, Beata"]
[Black "Neiksans, Arturs"]
[Result "0-1"]
[WhiteTitle "WFM"]
[BlackTitle "GM"]
[WhiteElo "2057"]
[BlackElo "2590"]
[WhiteFideId "1124900"]
[BlackFideId "11601388"]
[EventDate "2017.12.15"]
[EventType "blitz"]

1. e4 Nf6 2. Nc3 e5 3. Bc4 Nxe4 4. Bxf7+ Kxf7 5. Nxe4 d5 6. Nc3 Nc6 7. Qf3+ Ke6
8. Nge2 Bc5 9. Qg3 Rf8 10. d3 Bxf2+ 11. Qxf2 Rxf2 12. Kxf2 Kf7 13. Rf1 Kg8 14.
Bd2 Be6 15. Ng3 Nd4 16. Rac1 Qd6 17. Be3 c5 18. Nce2 Nxe2 19. Kxe2 d4 20. Ne4
Qc6 21. Bd2 Bd5 22. Ng5 h6 23. Nf3 e4 24. Ne5 Qe6 25. Bf4 Rf8 26. g3 g5 0-1

[Event "European Blitz 2017"]
[Site "Katowice POL"]
[Date "2017.12.15"]
[Round "4.47"]
[White "Warakomski, Tomasz"]
[Black "Dziodzio, Angelika"]
[Result "1-0"]
[WhiteTitle "GM"]
[BlackTitle "WFM"]
[WhiteElo "2537"]
[BlackElo "2125"]
[WhiteFideId "1124552"]
[BlackFideId "1170643"]
[EventDate "2017.12.15"]
[EventType "blitz"]

1. e4 c5 2. Nf3 d6 3. d4 cxd4 4. Nxd4 Nf6 5. Nc3 Nc6 6. Bg5 Qb6 7. Nb3 e6 8. Qd2
Be7 9. O-O-O O-O 10. h4 a6 11. h5 Rd8 12. f3 Qc7 13. h6 g6 14. Qf4 Ne8 15. Bxe7
Qxe7 16. Qe3 b5 17. f4 Bb7 18. Be2 b4 19. Na4 1-0

[Event "European Blitz 2017"]
[Site "Katowice POL"]
[Date "2017.12.15"]
[Round "4.48"]
[White "Morkisz, Bogdan"]
[Black "Heberla, Bartlomiej"]
[Result "0-1"]
[BlackTitle "GM"]
[WhiteElo "2023"]
[BlackElo "2555"]
[WhiteFideId "1103610"]
[BlackFideId "1115120"]
[EventDate "2017.12.15"]
[EventType "blitz"]

1. e4 c5 2. Nc3 g6 3. g3 Bg7 4. Bg2 Nc6 5. d3 d6 6. Be3 Nf6 7. h3 O-O 8. Qd2 Nd4
9. Nd1 e5 10. c3 Nc6 11. Bh6 d5 12. Bxg7 Kxg7 13. f3 b6 14. Ne2 Ba6 15. Nf2 Qd7
16. O-O Rad8 17. Rad1 Qe7 18. Qc2 c4 19. d4 dxe4 20. Nxe4 Nd5 21. Qc1 f5 22. Nf2
Rfe8 23. dxe5 Nxe5 24. f4 Nd3 25. Nxd3 cxd3 26. Nd4 d2 27. Qxd2 Bxf1 28. Rxf1
Qe3+ 29. Qxe3 Nxe3 30. Rf2 Nxg2 31. Kxg2 Kf6 32. Kf3 Rd6 33. Rd2 h6 34. g4 Rd7
35. Rd3 fxg4+ 36. hxg4 h5 37. g5+ Kf7 38. Rd2 Rde7 39. Rd3 Re1 40. Nc6 Rf1+ 41.
Kg3 h4+ 42. Kg4 Rg1+ 43. Kh3 Rh1+ 44. Kg4 Re2 45. Ne5+ Ke6 46. Nxg6 Rg2+ 47. Kf3
Rg3+ 48. Ke4 Re1+ 49. Kd4 Rxd3+ 50. Kxd3 h3 51. Kd2 h2 52. Kxe1 h1=Q+ 53. Kf2
Qe4 54. Nf8+ 0-1

[Event "European Blitz 2017"]
[Site "Katowice POL"]
[Date "2017.12.15"]
[Round "4.49"]
[White "Zelbel, Patrick"]
[Black "Dzierzak, Radoslaw"]
[Result "1-0"]
[WhiteTitle "IM"]
[WhiteElo "2456"]
[BlackElo "2237"]
[WhiteFideId "24624322"]
[BlackFideId "1161407"]
[EventDate "2017.12.15"]
[EventType "blitz"]

1. e4 c6 2. Nc3 d5 3. Nf3 Bg4 4. h3 Bxf3 5. Qxf3 e6 6. d3 Nd7 7. Bd2 g6 8. Qg3
Bg7 9. Be2 Ne7 10. a3 O-O 11. Qh4 f5 12. Bg5 Bf6 13. O-O fxe4 14. dxe4 Nc8 15.
Bxf6 Qxf6 16. Qxf6 Nxf6 17. e5 Nd7 18. f4 Ne7 19. Bd3 Nf5 20. g4 Nd4 21. Ne2
Nxe2+ 22. Bxe2 g5 23. fxg5 Nxe5 24. Kg2 Ng6 25. Kg3 e5 26. Rf5 Rxf5 27. gxf5 Nf4
28. Bg4 c5 29. h4 d4 30. f6 Kf7 31. Bf5 h6 32. Re1 Re8 33. Kg4 c4 34. Bd7 Rd8
35. Bb5 d3 36. Bxc4+ Kg6 37. cxd3 Rd4 38. Re4 h5+ 39. Kf3 Rxe4 40. Kxe4 Ng2 41.
Kxe5 Nxh4 42. Ke6 Nf3 43. f7 Nxg5+ 44. Ke7 Nxf7 45. Bxf7+ Kg5 46. d4 1-0

[Event "European Blitz 2017"]
[Site "Katowice POL"]
[Date "2017.12.15"]
[Round "4.50"]
[White "Krasenkova, Ilena"]
[Black "Dziuba, Marcin"]
[Result "0-1"]
[WhiteTitle "WIM"]
[BlackTitle "GM"]
[WhiteElo "2123"]
[BlackElo "2584"]
[WhiteFideId "4119037"]
[BlackFideId "1112953"]
[EventDate "2017.12.15"]
[EventType "blitz"]

1. d4 Nf6 2. c4 g6 3. Nc3 Bg7 4. e4 d6 5. h3 O-O 6. Nf3 c6 7. Bg5 Na6 8. Be2 Nc7
9. Rc1 b5 10. cxb5 Nxb5 11. Nxb5 cxb5 12. Qc2 Bb7 13. Bxf6 Bxf6 14. O-O Rc8 15.
Qb1 Qb6 16. Rfd1 Rxc1 17. Rxc1 Bxd4 18. Nxd4 Qxd4 19. Bf3 Rc8 20. Rd1 Qc4 21. b3
Qc2 22. Qa1 Qc3 23. Qb1 a5 24. Re1 Qc2 25. Qa1 Rc3 26. Bd1 Qd2 27. Bf3 Rc2 28.
Rf1 Rxa2 29. Qb1 Qc2 30. Qe1 Qxb3 31. Qc1 Rc2 32. Qg5 Rc7 33. h4 Qb4 34. Qf4 Qc5
35. h5 b4 36. hxg6 hxg6 37. Bd1 Qe5 38. Qe3 Qxe4 39. Qg3 Qe5 40. Qh4 Ba6 41. Ba4
Bxf1 0-1

[Event "European Blitz 2017"]
[Site "Katowice POL"]
[Date "2017.12.15"]
[Round "4.51"]
[White "Tomczak, Jacek"]
[Black "Olszynski, Kazimierz"]
[Result "1-0"]
[WhiteTitle "GM"]
[WhiteElo "2588"]
[BlackElo "2151"]
[WhiteFideId "1124668"]
[BlackFideId "1112376"]
[EventDate "2017.12.15"]
[EventType "blitz"]

1. e4 g6 2. d4 Bg7 3. Nc3 d6 4. f4 e6 5. Nf3 Ne7 6. Be3 h6 7. Qd2 a6 8. h4 h5 9.
Bd3 b5 10. e5 Bb7 11. Ng5 Nf5 12. O-O-O Nd7 13. d5 exd5 14. Bxf5 gxf5 15. exd6
c6 16. Bd4 O-O 17. Ne2 Bxd4 18. Nxd4 Qf6 19. Qd3 Nc5 20. Qxf5 Qxf5 21. Nxf5 Rad8
22. Rhe1 Bc8 23. Ne7+ Kg7 24. Nxc6 Rxd6 25. Ne7 Rfd8 26. Nxc8 Rxc8 27. Re7 Rf6
28. g3 Rd8 29. Re5 Rfd6 30. Nf3 Ne4 31. Rxh5 Kg6 32. g4 f6 33. Rg1 d4 34. f5+
Kg7 35. g5 fxg5 36. hxg5 d3 37. f6+ Kg6 38. Rh6+ Kf5 39. cxd3 Rxd3 40. Nh4+ Ke5
41. f7 Rc8+ 42. Kb1 Rd7 43. f8=Q Nd2+ 44. Ka1 1-0

[Event "European Blitz 2017"]
[Site "Katowice POL"]
[Date "2017.12.15"]
[Round "4.52"]
[White "Woloch, Oskar"]
[Black "Gajewski, Grzegorz"]
[Result "1-0"]
[BlackTitle "GM"]
[WhiteElo "2107"]
[BlackElo "2601"]
[WhiteFideId "1192116"]
[BlackFideId "1116207"]
[EventDate "2017.12.15"]
[EventType "swiss"]

1. d4 Nf6 2. c4 e6 3. Nf3 Bb4+ 4. Bd2 a5 5. a3 Be7 6. Qc2 d5 7. g3 O-O 8. Bg2 c6
9. O-O Nbd7 10. b3 b5 11. Nc3 bxc4 12. bxc4 Ba6 13. c5 e5 14. dxe5 Ne8 15. Rfd1
Nxc5 16. Nd4 Rc8 17. Bh3 Rc7 18. Na4 Nb7 19. Nxc6 Bb5 20. Nxe7+ Qxe7 21. Qb3
Bxe2 22. Re1 Bc4 23. Qb6 Nd8 24. Bxa5 Nc6 25. Bc3 Qd8 26. e6 d4 27. Rad1 fxe6
28. Bxe6+ Bxe6 29. Rxe6 Qc8 30. Qb3 Kh8 31. Bxd4 Rd7 32. Re4 Qd8 33. Qb2 Nf6 34.
Rh4 Re8 35. Kg2 Ne5 36. f4 1-0

[Event "European Blitz 2017"]
[Site "Katowice POL"]
[Date "2017.12.15"]
[Round "4.53"]
[White "Olszewski, Michal"]
[Black "Krainski, Aleksander"]
[Result "1/2-1/2"]
[WhiteTitle "GM"]
[BlackTitle "FM"]
[WhiteElo "2540"]
[BlackElo "2203"]
[WhiteFideId "1121251"]
[BlackFideId "1102400"]
[EventDate "2017.12.15"]
[EventType "blitz"]

1. e4 e5 2. Nf3 Nc6 3. Bb5 Nf6 4. d3 d6 5. c4 Be7 6. Nc3 O-O 7. h3 a6 8. Ba4 Nd7
9. Bxc6 bxc6 10. d4 Bf6 11. O-O exd4 12. Nxd4 c5 13. Nde2 Bb7 14. Rb1 Ne5 15. b3
Ng6 16. Bb2 Re8 17. Qc2 Qe7 18. Ng3 Nf4 19. Rfe1 g6 20. Re3 Bd4 21. Rf3 Qh4 22.
Rd1 f5 23. Nd5 Bxd5 24. exd5 Bxb2 25. Qxb2 Re5 26. Qd2 Nh5 27. Nxh5 Qxh5 28. Re1
Rae8 29. Rfe3 f4 30. Rxe5 Rxe5 31. Rxe5 Qxe5 32. Qa5 Qe2 33. Qxc7 Qe1+ 34. Kh2
Qxf2 35. Qd8+ Kg7 36. Qg5 h5 37. h4 a5 38. Qe7+ Kh6 39. Qf8+ Kh7 40. Qf7+ Kh6
41. Qf8+ Kh7 42. Qe7+ Kh6 43. Qg5+ Kh7 1/2-1/2